000 01127nam2a22002531 4500
001 rc\50312
005 20250620200057.0
010 _a5-07-002635-6
_92000
035 _a(NLR Aleph) 005399366
090 _a7259572
_c7259572
100 _a20021216d1994 |||y0rusy50 ca
101 0 _arus
102 _aRU
105 _ay |||||||||
200 1 _aОвцы, козы, лошади
_f[А.Н. Ефремов и др.]
210 _d1994
_aБ. м.
215 _a229, [2] с.
461 0 _1001rc\50310
_12001#$aНормы и рационы кормления сельскохозяйственных животных$eСправ. пособие$fПод ред. А.П. Калашникова и др.$vЧ. 2
_97259555
_cМ.
_d1994-
_fПод ред. А.П. Калашникова и др.
_nЗнание
_oСправ. пособие
_tНормы и рационы кормления сельскохозяйственных животных
_vЧ. 2
701 1 _aЕфремов
_bА.Н.
_gАнатолий Николаевич
801 0 _aRU
_bNLR
_gpsbo
801 1 _aRU
_bELAR
_2rusmarc
852 _aNLR
_j94-3/3141
942 _cBOOK
980 _aNB